000 00708nam 22002053 4500
001 201933
021 _aPT
_b6572/84
090 _a201933
100 _a20260423d u||y0pory50 ba
200 _aA literatura de viagens nos séculos XVI e XVII
_eapresentação crítica, selecção e fixação do texto, notas e sugestões para análise literária
_fManuel Simões
205 _a
210 _aLisboa
_cEditorial Comunicação
_d1985
215 _a128, [4] p.
_cbrochado
_d19 cm
225 _aTextos literários
_h40
606 _93661
_aCrítica Literária.Estudos Literários
675 _a82.09
_vPT
_zpor
700 _95964
_aSimões
_bManuel
_f1933-
801 _aPT
_bBMMN
_gRPC
830 _cVanda
990 _cLIVROS